Homoatomic rings, chains and macromolecules of main group elements (Record no. 28992)

MARC details
000 -LEADER
fixed length control field 00320nam a2200109Ia 4500
082 ## - DEWEY DECIMAL CLASSIFICATION NUMBER
Classification number 546:541.64
Item number RHE
245 #0 - TITLE STATEMENT
Title Homoatomic rings, chains and macromolecules of main group elements
260 ## - PUBLICATION, DISTRIBUTION, ETC. (IMPRINT)
Place of publication Amsterdam
Name of publisher Elsevier
Year of publication 1977
700 ## - ADDED ENTRY--PERSONAL NAME
Personal name Rheingold, Arnold L
942 ## - ADDED ENTRY ELEMENTS (KOHA)
Koha item type Books
Holdings
Withdrawn status Lost status Damaged status Not for loan Home library Current library Date acquired Cost, normal purchase price Full call number Accession Number Koha item type
        RRII Library RRII Library 16/12/2021 195.00 546:541.64 RHE 09582 Books